000 00755aam a2200289 i 4500
001 768714001
003 CO-MdFUSB
005 20250508155235.0
007 ta
008 250508t1945 ag ||||| |||| 00| 0 eng d
040 _cCO-MdFUSB
041 0 _aspa
082 0 4 _223
_a242
_bG263p
100 1 _aGattinoni, Carlos T.
_eautor
245 1 3 _aEl poder que necesitamos
_c/ Carlos T. Gattinoni
264 1 _bLa Aurora,
_aBuenos Aires, Argentina :
_c[1945]
264 4 _c©1945
300 _a64 páginas
336 _atexto
_btxt
_2rdacontent
337 _2rdamedia
_asin mediación
_bn
338 _2rdacarrier
_avolumen
_bnc
563 _aPasta dura
650 0 _aVida cristiana
_919
653 _aMeditaciones
942 _cBK
945 _aJTF-925
999 _c35440
_d35440